Biblioteca

Diez estrellitas de los deseos / Treesha Runnells (Registro nro. 48465)

Detalles MARC
000 -LÍDER
Campo fijo de descripción fija 003530000a22001450004500
020 ## - NÚMERO INTERNACIONAL NORMALIZADO PARA LIBROS
Número Internacional Normalizado del libro 968-13-3671-2
082 04 - NÚMERO DE CLASIFICACIÓN DECIMAL DEWEY
Número de clasificación B R875d
001 - NÚMERO DE CONTROL
Campo de control 1294
100 1# - ASIENTO PRINCIPAL--NOMBRE PERSONAL
Nombre personal Runnells, Treesha
245 10 - TÍTULO
Título del Material Diez estrellitas de los deseos / Treesha Runnells
260 ## - PUBLICACIÓN, DISTRIBUCIÓN, ETC. (PIE DE IMPRENTA)
Lugar de publicación, distribución, etc. México : Diana S.A.
300 ## - DESCRIPCIÓN FÍSICA
Extensión 20 P. / 18 cm.
500 ## - NOTA GENERAL
Nota General De 3 años en adelante
942 ## - TIPO DE MATERIAL (KOHA)
Tipo de Item KOHA Z- Libro General BINCO
Existencias
Estado de Material Estado de Perdido Volumen-Parte/Tomo Estado de Dañado No para Préstamo Tomo Biblioteca de Origen Biblioteca Permanente Fecha de Adquisición Total de Préstamos Signatura Topográfica Código de Barras Última vez visto Última vez Préstado Ejemplar/Existencia Fecha de Remplazo Tipo de Material
            Biblioteca Infantil Comunitaria BINCO Biblioteca Infantil Comunitaria BINCO 11/07/2008 5 B R875d B31625 29/04/2025 25/03/2025 1 26/01/2016 Z- Libro General BINCO

Biblioteca FUSBC | Teléfono: (57+4) 349 88 10 Ext. 141| WhatsApp (+57) 3005338115 
E-mail: biblioteca@unisbc.edu.co | Calle 76 87-14 Robledo Palenque, Medellín, Colombia

Con tecnología Koha